NFL Trivia Random - Statistics

General Stats
  • This quiz has been taken 375 times
  • The average score is 35 of 45
Answer Stats
Question Tile Select % Correct
All of the teams that have won a superbowl in the 2020s Chiefs Yes
99%
All of the teams that have won a superbowl in the 2020s Bengals No
97%
All of the teams that have won a superbowl in the 2020s Packers No
96%
All of the teams that have won a superbowl in the 2020s Saints No
96%
All of the teams that have won a superbowl in the 2020s Buccaneers Yes
95%
All of the teams that have won a superbowl in the 2020s 49ers No
92%
All of the teams that have won a superbowl in the 2020s Rams Yes
92%
All of the teams that have won a superbowl in the 2020s Patriots No
89%
Starting Quarterbacks At The Beginning of The Season Patrick Mahomes Yes
87%
Teams That Have Orange in Thier Logo Bengals Yes
86%
Starting Quarterbacks At The Beginning of The Season CJ Stroud Yes
86%
Wide Recievers Puka Nacua Yes
86%
Teams That Have Orange in Thier Logo Ravens No
86%
Wide Recievers Tee Higgins Yes
86%
Wide Recievers Aaron Jones No
85%
Starting Quarterbacks At The Beginning of The Season Aaron Rodgers Yes
85%
Teams That Have Orange in Thier Logo Browns Yes
85%
Wide Recievers Bryce Young No
85%
Wide Recievers Jonathan Taylor No
85%
Starting Quarterbacks At The Beginning of The Season Phillip Rivers No
85%
Teams That Have Orange in Thier Logo Rams No
85%
Teams That Have Orange in Thier Logo Bears Yes
84%
Teams That Have Orange in Thier Logo Chiefs No
84%
Wide Recievers Jimmy Graham No
84%
Wide Recievers Sauce Gardner No
84%
Teams That Have Orange in Thier Logo Steelers No
84%
Wide Recievers Zay Flowers Yes
84%
Wide Recievers Eli Apple No
83%
Starting Quarterbacks At The Beginning of The Season Brock Purdy Yes
81%
Teams That Are in The AFC North OR NFC North Panthers No
80%
Starting Quarterbacks At The Beginning of The Season Matt Ryan No
79%
Teams That Are in The AFC North OR NFC North Seahawks No
78%
Teams That Are in The AFC North OR NFC North Colts No
77%
Teams That Are in The AFC North OR NFC North Dolphins No
76%
Teams That Are in The AFC North OR NFC North Eagles No
75%
Teams That Are in The AFC North OR NFC North Giants No
75%
Teams That Are in The AFC North OR NFC North Ravens Yes
74%
Teams That Are in The AFC North OR NFC North Jets No
73%
Teams That Are in The AFC North OR NFC North Bills No
71%
Teams That Have Orange in Thier Logo Dolphins Yes
70%
Starting Quarterbacks At The Beginning of The Season Jimmy G No
59%
All of the teams that have won a superbowl in the 2020s Eagles No
55%
Teams That Have Orange in Thier Logo Buccaneers Yes
32%
Starting Quarterbacks At The Beginning of The Season Joe Burrow No
3%
Starting Quarterbacks At The Beginning of The Season Sam Hauser Yes
2%
No matching quizzes found
Score Distribution
Percent of People with Each Score
Percentile by Number Answered
Your Score History
You have not taken this quiz